01137nam a2200217Ia 4500008004100000020001800041020001800059040001800077041000800095100002000103245007200123260006600195300003500261504005300296505045800349650002200807650001400829650001500843650002900858700003200887130821s2010 xxua gr eng  a9780521746083 a9780521762304 aCo-BoUCMbspa00aeng1 aBlair, Roger D.10aMonopsony in law and economicscRoger D. Blair, Jeffrey L. Harrison aNueva York (Estados Unidos)bCambridge University Pressc2010 axiv, 247 páginasbgráficas aIncluye referencias bibliográficas e índice.0 aIntroduction. -- The antitrust laws and monopsonistic forms of conduct. -- Economic theory of monopsony. -- The antitrust response to monopsony and collusive monopsony. -- Cooperative buying efforts. -- Bilateral monopoly. -- Monopsony and antitrust enforcement. -- Monopsony in action : agricultural markets. -- Monopsony in action: the NCAA. -- Monopsony in action : physician collective bargaining : monopoly or bilateral monopoly. -- Final comments.04aDerecho comercial04aMonopolio04aMonopsonio04aRegulación del mercado1 aHarrison, Jeffrey L.d1946-